000 01656nam a2200349 i 4500
001 000042843
003 DO-SdBNP
005 20250115114738.0
007 ta
008 140211s2009 dr 001 0 spa d
020 _a9789945427653
040 _aDO-SdBNP
_bspa
_cBNPHU
_erda
082 4 _a306.4
_bM722g
_222
100 1 _aMolina Peña, Luis Emilio,
_d1972-
_970224
_eautor
245 1 0 _aGestión cultural :
_bcomunicaciones, publicidad, conservación, la web 2.0 y las redes sociales para un nuevo enfoque de la acción cultural /
_cLuis E. Molina.
264 _aSanto Domingo :
_bNacional,
_c2009.
300 _a121 páginas ;
_c22 cm.
336 _2rdacontent
_atexto
_btxt
337 _2rdamedia
_asin mediación
_bn
338 _2rdacarrier
_avolumen
_bnc
500 _aIncluye datos biográficos del autor y referencias bibliográficas y notas al pie de las páginas
504 _aBibliografía : p. 79-83
505 0 _aA manera de introducción --
_tLa situación actual --
_tLa conservación cultural --
_tLa difusión cultural --
_tLa generación de recursos --
_gA modo de conclusión: un nuevo sistema de gestión cultural --
_gBibliografía --
_gWebgrafía --
_gAnexo 1: Algunas experiencias --
_gAnexo 2: Glosario de términos de internet.
590 _aInventariado, 2018/MFF
650 4 _aAdministración cultural
_910363
650 4 _aCultura y desarrollo
_911102
650 4 _aAdministración de proyectos culturales
_970225
650 4 _aPolítica cultural
_zRepública Dominicana
_91984
710 1 _a República Dominicana.
_b Secretaría de Estado de Cultura
_96453
910 _aValidado. Control de calidad EMS.
942 _2ddc
_cLBS1
999 _c42332
_d42332